Psycho Killer lyrics (Talking Heads) - Statistics

General Stats
  • This quiz has been taken 23 times
  • The average score is 171 of 256
Answer Stats
Lyrics % Correct
Killer
100%
a
95%
Psycho
95%
away
89%
I
89%
Run
84%
run
84%
Ce
79%
ce
79%
Fa
79%
fa
79%
and
74%
better
74%
que
74%
the
74%
my
68%
real
68%
say,
68%
Say
68%
say
68%
to
68%
can't
63%
me
63%
Oh
63%
oh
63%
oh...
63%
on
63%
touch
63%
up
63%
face
58%
facts
58%
far
58%
fire
58%
have
58%
I'm
58%
live
58%
nervous
58%
sleep
58%
When
58%
when
58%
why
58%
wire
58%
are
53%
Don't
53%
even
53%
finish
53%
it
53%
not
53%
seem
53%
something
53%
tense
53%
You
53%
you
53%
again?
47%
bed's
47%
'cause
47%
c'est?
47%
conversation
47%
lips
47%
nothing
47%
once,
47%
relax
47%
sealed
47%
sayin'
42%
start
42%
talkin'
42%
We
42%
we
42%
anything
37%
lot,
37%
You're
37%
you're
37%
blind
32%
but
32%
hate
32%
people
32%
Qu'est-ce
26%
they're
26%
vain
26%
mon
21%
polite
21%
espoir
16%
fait,
16%
Je
16%
la
16%
soir-là
16%
dit,
11%
j'ai
11%
Ok
11%
qu'elle
11%
Réalisant
11%
gloire...
5%
lance,
5%
vers
5%
No matching quizzes found
Score Distribution
Percent of People with Each Score
Percentile by Number Answered
Your Score History
You have not taken this quiz